Multiple-Choice-Stadtquiz Paderborn - Statistiken

Allgemein
  • Dieses Quiz wurde 891 mal gespielt
  • Das Durchschnittsergebnis liegt bei 6 aus 10
Antwortstatistiken
Frage Antwort % Korrekt
In welchem Bundesland liegt Paderborn? Nordrhein-Westfalen
91%
Wie heißt der Paderborner Flughafen? Paderborn/Lippstadt
80%
Welches dieser Museen liegt in Paderborn? Heinz Nixdorf Museum
67%
Welche berühmten Steine liegen in der Nähe Paderborns? Externsteine
61%
Und wie heißt der dazu gehörige Heilige, der auch im Dom aufzufinden ist? Liborius
56%
Welche dieser Städte gehören NICHT zum Bistum Paderborn? Kassel
55%
Welche dieser Autobahnen führt nach Paderborn? 33
53%
Welches dieser Vögel ist ein Symbol für Paderborn? Pfau
50%
Und welchen Flughafencode hat dieser? PAD
47%
Wie heißt der Park in der Innenstadt? Paderquellen
44%
Keine übereinstimmenden Quizze gefunden
Verteilung der Resultate
Anzahl Personen mit jedem Resultat
Perzentil nach korrekt beantworteten Fragen
Ihre Resultats-Entwicklung
Sie haben dieses Quiz noch nicht gespielt